| 000 | 00440nam a22001577a 4500 | ||
|---|---|---|---|
| 005 | 20240110120446.0 | ||
| 008 | 190917b xxu||||| |||| 00| 0 eng d | ||
| 020 | _a978-9-86478-53-5 | ||
| 041 | _aeng | ||
| 100 | _aRAJE,V.N | ||
| 245 | _aBIOPCHEMISTRY AND CLINICAL PATHOLOGY: FOR FIRST YEAR DIPOLOMA IN PHARMACY | ||
| 250 | _a3rd Ed. | ||
| 260 |
_aNEW DELHI _bCBS. PUBLISHERS AND DISTRIBUTORS PVT.LTD. |
||
| 300 | _a179p, | ||
| 942 | _cBK | ||
| 999 |
_c5996 _d5994 |
||